000 00716nmm a2200265 a 4500
003 AR-BaBNM
005 20251128203015.0
008 157019s1973 ||||||||||||||000 | spa||
040 _cAR-BaBNM
100 1 _aHernández Arregui, Juan José
245 1 0 _a¿Qué es el ser nacional?
_bla conciencia histórica iberoamericana
250 _a3ª ed.
260 _aBuenos Aires
_bPlus Ultra
_c1973
300 _a306 p.
650 4 _aHISTORIOGRAFIA ARGENTINA
650 4 _aNACIONALISMO CULTURAL
650 4 _aIDENTIDAD NACIONAL
650 4 _aESTEREOTIPO NACIONAL
650 4 _aIDEOLOGIAS
650 4 _aPATRIOTISMO
650 4 _aFILOSOFIA
650 4 _aCIENCIAS POLITICAS
942 _cBK
998 _cmariana
999 _c1484
_d1484